000 00677nam a22002297a 4500
003 UA-OsUOA
001 27905
007 ta
008 20040916b un ||||| |||| 00| 0 ukr d
090 _a796.015.2
_bП48
942 _cBK
040 _aUA-OsUOA
_brus
_cUA-OsUOA
_dUA-OsUOA
245 _aПсихофункциональный контроль при занятиях физическими упражнениями
_bМетодические рекомендации
_cУпор.. В.П.Мурза
300 _a56 с.
955 _a0
041 _arus
080 _a796.015.2
260 _aКиев
_bКМИ
_c1989
044 _aRU
650 7 _2UDC
999 _c314257
_d314257